Encyclopedia of counseling (Record no. 6135)
[ view plain ]
| 000 -LEADER | |
|---|---|
| fixed length control field | 00798nam a2200133Ia 4500 |
| 020 ## - INTERNATIONAL STANDARD BOOK NUMBER | |
| ISBN | 9781412909280 |
| 082 ## - DEWEY DECIMAL CLASSIFICATION NUMBER | |
| Classification number | RR 158.303 ENC- |
| 245 #0 - TITLE STATEMENT | |
| Title | Encyclopedia of counseling |
| 260 ## - PUBLICATION, DISTRIBUTION, ETC. (IMPRINT) | |
| Place of publication | London |
| Name of publisher | Sage Publications |
| Year of publication | 2008 |
| 500 ## - GENERAL NOTE | |
| General note | contents: 4 vols . vol.1 (changes and challenges for counseling in the 21st century), (edited by Elizabeth M . Altmaier and Brian D. Johnson), (xxxi, 442p.) - v.2 (personal and emotional counseling), (edited by Howard E. A. Tinsley and Suzanne H. Lease), (xxvi, 940p.) - v.3 (cross- cultural counseling), (edited by Madonna G. Constantine and Roger L. Worthington), (xxvi, 1390p.) - v.4 (Career counseling), (edited by W. Bruce Walsh and Paul J. Hartung), (xxii, 1870p.) |
| 650 ## - SUBJECT ADDED ENTRY--TOPICAL TERM | |
| Topical Term | Counseling |
| Form subdivision | Encyclopedias |
| 700 ## - ADDED ENTRY--PERSONAL NAME | |
| Personal name | Leong, Frederick T. L. |
| 942 ## - ADDED ENTRY ELEMENTS (KOHA) | |
| Koha item type | Books |
| Source of classification or shelving scheme | Dewey Decimal Classification |
| Withdrawn status | Lost status | Damaged status | Not for loan | Home library | Current library | Date acquired | Source of acquisition | Serial Enumeration / chronology | Bill Date | Full call number | Accession Number | Price effective from | Koha item type |
|---|---|---|---|---|---|---|---|---|---|---|---|---|---|
| NASSDOC Library | NASSDOC Library | 23/09/2008 | GOVIND | V.1 | 2008-09-10 | RR 158.303 ENC- | 44494 | 18/04/2019 | Books | ||||
| NASSDOC Library | NASSDOC Library | 23/09/2008 | GOVIND | V.2 | 2008-09-10 | RR 158.303 ENC- | 44495 | 18/04/2019 | Books | ||||
| NASSDOC Library | NASSDOC Library | 23/09/2008 | GOVIND | V.3 | 2008-09-10 | RR 158.303 ENC- | 44496 | 18/04/2019 | Books | ||||
| NASSDOC Library | NASSDOC Library | 23/09/2008 | GOVIND | V.4 | 2008-09-10 | RR 158.303 ENC- | 44497 | 18/04/2019 | Books |
